00680nam a22002177a 4500003000400000008004100004020001800045082002000063100002300083245010600106260005400212300001300266440004200279650003400321650001800355650001300373650002000386650001300406700001500419700002800434OSt260625b |||||||| |||| 00| 0 eng d a9788196148911 a677.00202bR23H aRathinamoorthy, R. aHandbook of Textile and Apparel Costing / cby R. Rathinamoorthy, R. Surjit and K. J. Vishnu Vardhini a.- New Delhib: Woodhead Publishing Indiac, 2023 aix,673p. aWoodhead Publishing India in Textiles aTechnology (Applied Sciences) aManufacturing aTextiles aApparel Costing aHandbook aSurjit, R. aVardhini, K. J. Vishnu.